| 000 | 01602nam a2200325Ia 4500 | ||
|---|---|---|---|
| 003 | CO-BoRNBP | ||
| 005 | 20240714152054.0 | ||
| 008 | 160713s2013 c g 000 j s | ||
| 020 | _a9789587582383 | ||
| 040 |
_aCO-BoRNBP _bspa _erda _cCO-BoRNBP |
||
| 082 | 0 | 4 |
_222 _a808.87 P473mo |
| 245 | 0 | 3 |
_aLa mona risa _blos mejores relatos de humor _cselección y prólogo de Luis María Pescetti |
| 250 | _aEdición especial | ||
| 264 |
_aBogotá _bAlfaguara _c2013 |
||
| 300 |
_a210 páginas _c23 cm |
||
| 336 |
_atexto _btxt _2rdacontent |
||
| 337 |
_asin mediación _bn _2rdamedia |
||
| 338 |
_avolumen _bnc _2rdacarrier |
||
| 490 | _aAlfaguara. Serie Roja | ||
| 500 | _aIncluye índice | ||
| 500 | _aIncluye referencias biográficas de los autores | ||
| 520 | _aEn los relatos cuidadosamente escogidos que componen esta antología, el humor despliega toda la riqueza de sus múltiples facetas. asombrosa diversidad de estilos, temas y enfoques presentes en los relatos, da lugar a una obra cuya lectura resulta tan divertida como estimulante. Todos los textos seleccionados tienen un denominador común: se deben a la pluma de autores de gran talla que recurrieron al humor, ese espejo inteligente que nos refleja y nos devuelve la verdadera imagen de lo que somos. | ||
| 650 | 1 | 4 |
_aCuentos _2LEMB _vColecciones _98954 |
| 650 | 1 | 4 |
_aLiteratura _2LEMB _vColecciones _964465 |
| 650 | 1 | 4 |
_aHumor en la literatura _2LEMB _98076 |
| 650 | 1 | 4 |
_aMujeres en la literatura _2LEMB _98572 |
| 650 | 1 | 4 |
_aHumorismos en la literatura _2LEMB _985542 |
| 700 |
_aPescetti, Luis María _d1958- _97612 |
||
| 942 |
_2ddc _cBK |
||
| 999 |
_c2773 _d2773 |
||